Student success manual to accompany Understanding Human communication/ (Record no. 4211)

000 -LEADER
fixed length control field 00511nam a22001577a 4500
008 - FIXED-LENGTH DATA ELEMENTS--GENERAL INFORMATION
fixed length control field 150901b xxu||||| |||| 00| 0 eng d
020 ## - INTERNATIONAL STANDARD BOOK NUMBER
International Standard Book Number 9780199782000
050 ## - LIBRARY OF CONGRESS CALL NUMBER
Classification number P 90 .A35 2012
100 ## - MAIN ENTRY--PERSONAL NAME
Personal name Adler, B.Ronald
Dates associated with a name 2012
245 ## - TITLE STATEMENT
Title Student success manual to accompany Understanding Human communication/
Statement of responsibility, etc. Ronald B Adler
250 ## - EDITION STATEMENT
Edition statement 11th ed
260 ## - PUBLICATION, DISTRIBUTION, ETC. (IMPRINT)
Place of publication, distribution, etc. New York.:
Name of publisher, distributor, etc. Oxford.
Date of publication, distribution, etc. 2012
300 ## - PHYSICAL DESCRIPTION
Extent 165p.:
Other physical details includes references
700 ## - ADDED ENTRY--PERSONAL NAME
Personal name George Rodman
942 ## - ADDED ENTRY ELEMENTS (KOHA)
Source of classification or shelving scheme
Koha item type Hard Covered Materials
Classification part P 90 .A35 2012
Holdings
Withdrawn status Lost status Source of classification or shelving scheme Damaged status Not for loan Home library Current library Shelving location Date acquired Source of acquisition Total Checkouts Full call number Barcode Date last seen Price effective from Koha item type
          MACHAKOS UNIVERSITY LIBRARY MACHAKOS UNIVERSITY LIBRARY Technical section 01/09/2015 Donation(B.F.A)   P 90 .A35 2012 9981 08/06/2018 01/09/2015 Hard Covered Materials
© Machakos University Library, Along The Highway, Machakos Wote Rd, Machakos, Kenya P.O. Box 136 - 90100 Machakos - Kenya

Tel: ( +254 ) 723 805829 OR Fax : 044-20353 OR Email: library@mksu.ac.ke